000 00672nam a22001217a 4500
040 _cRUA
082 _aLMA VY 2025 B701 Or.1
100 _aVY NARIM, វី ណារីម
245 _aStudy on land use planning focusing on agricultural lard in karir commune, memot district, tbong khmum province, ការសិក្សាអំពីផែនការប្រើប្រាស់ដីធ្លី ដោយផ្ដោតលើដីកសិកម្ម ស្ថិតនៅឃុំគគីរ ស្រុកមេមត់ ខេត្តត្បូងឃ្មុំ
260 _aPHNOM PENH
_bRUA
_c2025
300 _axi,51p.
_bill.
_c29cm.
942 _cLMA
999 _c25762
_d25762